| 000 | 00559nem a2200181 i 4500 | ||
|---|---|---|---|
| 001 | 52539 | ||
| 003 | ES-MaACL | ||
| 005 | 20230906162612.0 | ||
| 007 | t| | ||
| 008 | 030901s1910 sz | |0|1||fre d | ||
| 245 | 0 | 0 |
_aChemins de fer fédéraux de Suisse _b: carte touriste [ _hMaterial cartográfico]. |
| 250 | _a3e ed. | ||
| 255 | _a1:450000. | ||
| 260 |
_aBerne : _bService de Publicité des Chemins de fer fédéraux, _c1910. |
||
| 300 |
_a1 plano : _bcol. ; _c79 x 57 cm. |
||
| 650 |
_aFerrocarriles- _zSuiza. _9158097 |
||
| 852 |
_aES-MaACL _jT-1392-F-4 |
||
| 999 |
_c52539 _d52539 |
||